• 首页
  • 本馆介绍
  • 公告通知
  • 最新文献
  • 馆藏检索
  • 电子资源
  • 读者导购
  • 参考咨询
  • 我的图书馆
  • 登录
  • 详细信息显示
  • 放入我的书架
  • 预约/预借图书
  • 作者相关作品
  • 分类相关作品
  • 丛书相关作品
  • 出版社相关作品

书目信息

  • 表格格式
  • 工作单格式
  • 卡片格式
题名:
新稀特果树栽培技术
    
 
作者: 王金政
分册:  
出版信息: 济南   山东科学技术出版社  1996
页数: 243
开本: 19cm
丛书名: 全国"星火计划"丛书
单 册:
中图分类: S281
科图分类:
主题词: 农田基本建设 , 农垦
电子资源:
ISBN: 7-5331-1907-X
000 00623nam0 2200217 450
001 0741144344
005 20070817112544.34
010    @a7-5331-1907-X@d¥12.00
100    @a20070817d km y0chiy0120 ea
101 0  @achi
200 1  @a新稀特果树栽培技术@Axin xi te guo shu zai pei ji shu@f王金政@Fwang jin zheng
210    @a济南@c山东科学技术出版社@d1996
215    @a243@c插图@d19cm
225 2  @a全国"星火计划"丛书
410  0 @12001 @a全国"星火计划"丛书
606 0  @a农田基本建设
606 0  @a农垦
690    @aS281@v3
701  0 @a王金政@Awang jin zheng
801  0 @aCN@bPFT@c20070817
905    @a213230@dS281@en1@f1
    
    新稀特果树栽培技术/王金政.-济南:山东科学技术出版社,1996
    243:插图;19cm.-(全国"星火计划"丛书)
    
    
    ISBN 7-5331-1907-X:¥12.00
    
●
相关链接 在E读中查询图书 在五车中查询图书 在当当中查询图书 在豆瓣中查询图书


正题名:新稀特果树栽培技术     索取号:S281/n1         预约/预借

序号 登录号 条形码 馆藏地/架位号 状态 备注
1 6601162   266011629   密集书库-生命科学系/ [索取号:S281/n1] 在馆    
唐山师范学院图书馆 欢迎您!
大连网信软件有限公司© 版权所有